<?xml version="1.0" encoding="UTF-8"?><?xml-stylesheet type="text/xsl" href="static/style.xsl"?><OAI-PMH xmlns="http://www.openarchives.org/OAI/2.0/" xmlns:xsi="http://www.w3.org/2001/XMLSchema-instance" xsi:schemaLocation="http://www.openarchives.org/OAI/2.0/ http://www.openarchives.org/OAI/2.0/OAI-PMH.xsd"><responseDate>2026-04-14T21:07:21Z</responseDate><request verb="GetRecord" identifier="oai:uvadoc.uva.es:10324/57723" metadataPrefix="marc">https://uvadoc.uva.es/oai/request</request><GetRecord><record><header><identifier>oai:uvadoc.uva.es:10324/57723</identifier><datestamp>2022-12-16T13:49:08Z</datestamp><setSpec>com_10324_38</setSpec><setSpec>col_10324_787</setSpec></header><metadata><record xmlns="http://www.loc.gov/MARC21/slim" xmlns:doc="http://www.lyncode.com/xoai" xmlns:xsi="http://www.w3.org/2001/XMLSchema-instance" xmlns:dcterms="http://purl.org/dc/terms/" xsi:schemaLocation="http://www.loc.gov/MARC21/slim http://www.loc.gov/standards/marcxml/schema/MARC21slim.xsd">
<leader>00925njm 22002777a 4500</leader>
<datafield tag="042" ind1=" " ind2=" ">
<subfield code="a">dc</subfield>
</datafield>
<datafield tag="720" ind1=" " ind2=" ">
<subfield code="a">Bécares Fuente, Yasmina</subfield>
<subfield code="e">author</subfield>
</datafield>
<datafield tag="260" ind1=" " ind2=" ">
<subfield code="c">2022</subfield>
</datafield>
<datafield tag="520" ind1=" " ind2=" ">
<subfield code="a">El pensamiento crítico es un constructo complejo y muy necesario en todos los&#xd;
ámbitos de la vida, en el ámbito laboral, en la sociedad con el fin de participar en&#xd;
una sociedad democrática, pero sobre todo desde la educación. En este trabajo,&#xd;
se desarrolla una propuesta de intervención para fomentar el pensamiento crítico&#xd;
en la población adulta. Se pretende sensibilizar y acercar el pensamiento a lo&#xd;
cotidiano. Se podrá desarrollar en los programas interuniversitarios para la&#xd;
educación de adultos. Se ofertan total de cuatro cursos: medios y nuevas&#xd;
tecnologías, historia y cultura, escritura creativa y pensamiento y arte</subfield>
</datafield>
<datafield tag="520" ind1=" " ind2=" ">
<subfield code="a">Critical thinking is a complex and very necessary construct in all areas of life, in&#xd;
the workplace, in society in order to participate in a democratic society, but&#xd;
especially from education. In this work, an intervention proposal is developed to&#xd;
promote critical thinking in the adult population. It is intended to raise awareness&#xd;
and bring thought to everyday life. It can be developed in interuniversity programs&#xd;
for adult education. A total of four courses are offered: media and new&#xd;
technologies, history and culture, creative writing and thought and art</subfield>
</datafield>
<datafield tag="024" ind2=" " ind1="8">
<subfield code="a">https://uvadoc.uva.es/handle/10324/57723</subfield>
</datafield>
<datafield tag="245" ind1="0" ind2="0">
<subfield code="a">El pensamiento crítico en el aula: una propuesta de intervención para la educación de adultos</subfield>
</datafield>
</record></metadata></record></GetRecord></OAI-PMH>